[Event "Olympiad-32"]
[Site "Yerevan"]
[Date "1996.09.19"]
[Round "4.4"]
[White "Supatashvili, Khvicha"]
[Black "Urban, Klaudiusz"]
[Result "1-0"]
[WhiteElo "2445"]
[BlackElo "2470"]
[Annotator "Kharitonov,A"]
[PlyCount "99"]
[EventDate "1996.09.15"]
[EventType "team-swiss"]
[EventRounds "14"]
[EventCountry "ARM"]
[SourceTitle "CBM 055"]
[Source "ChessBase"]
[SourceDate "1996.12.01"]
[SourceVersion "1"]
[SourceVersionDate "1996.12.01"]
[SourceQuality "1"]
[WhiteTeam "Georgia"]
[BlackTeam "Poland"]
[WhiteTeamCountry "GEO"]
[BlackTeamCountry "POL"]

1. d4 Nf6 2. c4 g6 3. g3 Bg7 4. Bg2 d5 5. cxd5 Nxd5 6. e4 Nb6 7. Ne2 e5 (7...
c5 8. d5 e6 9. O-O O-O 10. Nec3 Na6 11. a4 exd5 12. exd5 Bf5 13. Na3 Nb4 14.
Be3 Rc8 15. d6 Bd3 16. a5 Nd7 17. Bxb7 Rb8 18. a6 $13 {Stohl,I-Ftacnik,L/GER/
1996/0,5/50/}) 8. d5 O-O 9. O-O c6 10. Nbc3 cxd5 (10... Na6 11. b3 Nc7 12. a4
Bg4 13. a5 Nc8 14. Ba3 Re8 15. Ra2 $6 (15. Rc1 $22 cxd5 16. exd5 Nd6 17. Bxd6
Qxd6 18. Ne4 $16 {Akopian/}) 15... cxd5 16. exd5 Nd6 $13 {Akopian,V-Hachian,M/
ARM/1995/1|0/39/}) 11. exd5 Bf5 12. b3 $5 {N/} (12. Ne4 $6 Bxe4 $1 13. Bxe4 Nc4
14. Qb3 Nd6 15. Bg2 Nd7 16. Bd2 Nc5 17. Qa3 Nce4 18. Bb4 a5 19. Be1 Nc4 20. Qb3
Ned6 $17 {Romanishin,O-Anand,V/New York/1994/0|1/83/}) 12... Qd7 (12... Na6 $6
13. Ba3 Re8 14. d6 Qd7 15. Nd5 Nxd5 16. Qxd5 e4 17. Rac1 $16) 13. Ba3 Rd8 14.
Re1 (14. Qd2 $6 Nc6 $1) 14... Nc8 15. Qd2 (15. Rc1 Bh6 $13) 15... Nd6 (15...
Nc6 16. Rad1 $16) 16. Rac1 Na6 17. Qe3 Nc7 18. Red1 Nce8 $10 19. Na4 Bh3 (19...
b6 $6 20. Bb2 f6 21. Rc6 $14) 20. Nc5 Qf5 21. Nc3 Bxg2 22. Kxg2 Qh5 (22... Nf6
$5) 23. Qd3 Bf8 24. Bb2 Rac8 25. N3e4 Nxe4 26. Nxe4 Rxc1 27. Rxc1 Qf5 28. f3 a6
$6 (28... Nf6 $5 29. Nxf6+ Qxf6 30. Re1 Qd6 31. Bxe5 (31. Rxe5 Bg7 32. Re2 Bxb2
33. Rxb2 Qxd5 $10) 31... Qxd5 $10) 29. g4 $5 Qd7 (29... Qf4 30. Re1 f5 31. gxf5
Qxf5 32. Qd2 $14) 30. Bxe5 Qxd5 31. Qxd5 Rxd5 32. Bf4 (32. Nf6+ Nxf6 33. Bxf6
Rd6 34. g5 Rc6 $10) 32... f5 $6 (32... Rd8 $5 33. Bg5 Ra8 34. Rd1 Rc8 35. Kg3
h6 36. Be3 $14) 33. Rc8 $1 fxe4 (33... Kf7 $2 34. Rxe8 $1) 34. fxe4 (34. Rxe8
exf3+ 35. Kxf3 Kf7 36. Rb8 Rd7 $10) 34... Ra5 (34... Nd6 35. Rxf8+ Kxf8 36.
exd5 $16) 35. Rxe8 Rxa2+ 36. Kf3 Kf7 37. Rb8 b5 38. Rb7+ Ke6 39. Rb6+ $1 (39.
Rxh7 Rb2 $13) 39... Kf7 40. e5 $16 h6 (40... Be7 41. g5 $1 Ra3 42. e6+ $16) (
40... Ra3 41. e6+ Kg7 (41... Ke8 42. Rb8+ Ke7 43. Bg5+ $18) 42. Rb7+ $18) 41.
g5 $1 hxg5 (41... h5 42. e6+ $18) 42. Bxg5 Rxh2 43. e6+ Kg8 44. Rb8 Kg7 45.
Rb7+ Kg8 46. Bf6 $1 $18 Rh3+ 47. Ke4 Rh1 (47... Rxb3 48. Rb8 $18) 48. Rb8 Re1+
49. Kd5 Rd1+ 50. Bd4 (50. Bd4 Re1 51. Bc5 $18) 1-0

[Event "Pamplona 14th"]
[Site "Pamplona"]
[Date "2004.12.24"]
[Round "3"]
[White "Vaganian, Rafael A"]
[Black "Sutovsky, Emil"]
[Result "0-1"]
[WhiteElo "2640"]
[BlackElo "2697"]
[Annotator "Krasenkow,M"]
[PlyCount "100"]
[EventDate "2004.12.22"]
[EventType "tourn"]
[EventRounds "7"]
[EventCountry "ESP"]
[EventCategory "16"]
[SourceTitle "CBM 105"]
[Source "ChessBase"]
[SourceDate "2005.04.11"]
[SourceVersion "1"]
[SourceVersionDate "2005.04.11"]
[SourceQuality "1"]

1. d4 Nf6 2. c4 g6 3. g3 Bg7 4. Bg2 d5 5. cxd5 Nxd5 6. e4 Nb6 7. Ne2 c5 8. d5
e6 9. Nbc3 O-O 10. O-O Na6 (10... exd5 {is more common.}) 11. Nf4 (11. h3 $5) (
11. b3 $5) 11... exd5 12. exd5 $2 {[%mdl 32]} (12. Nfxd5 $142 {(in fact, the
idea behind 11.Nf4) -see Dautov-Jaracz in CBM86. After the text move the f4
knight is placed extremely unfortunately and Black seizes the initiative.})
12... Nc4 13. Re1 (13. Qe2 Nd6 14. Be3 Re8 15. Rfe1 h5 16. h3 Bf5 17. Rac1 Qd7
18. Kh2 Re7 19. b3 Rae8 $36 {0-1 Nixon,T-Antal,G/Millfield School 2003/CBM 095
ext (50)}) 13... Nd6 14. Ne4 c4 {This looks a bit premature.} (14... Bf5 $1 {
gives black a solid advantage:} 15. Nxd6 Qxd6 16. g4 Bd7 17. Nd3 Rae8 18. Bf4
Rxe1+ 19. Qxe1 Qb6 20. Qe7 Bb5 $1 21. Qe3 (21. Ne5 $4 Bf6) 21... Re8 22. Qg3 c4
23. Ne1 Bxb2 24. Rb1 Qa5 $19 {0-1 Goldin,A-Karasev,V/St Petersburg 1993/TD (58)
}) 15. Nxd6 Qxd6 16. Qe2 Bf5 17. g4 Bd7 18. Qxc4 {This leads to material
losses but Black is better anyway, e.g.} (18. Qe7 Qxe7 19. Rxe7 Bxg4 20. h3 (
20. Rxb7 g5) 20... Bf5 21. Rxb7 Rfb8 22. d6 Rxb7 $3 23. Bxb7 Rd8 24. Bxa6 c3 $1
25. Nd5 cxb2 26. Bxb2 Bxb2 $17) 18... Rac8 19. Qb3 Rxc1 (19... Be5 {was not
clear due to an exchange sac:} 20. Rxe5 (20. Nd3 Bxh2+ 21. Kh1 Bxg4 $17) 20...
Qxe5 21. Nd3 $44 {[%csl Ra6] ^^}) 20. Raxc1 Qxf4 {The ill-fated knight has
fallen.} 21. Qxb7 Nb4 22. Qc7 Qxg4 23. Qc4 $8 {The endgame, in which a rook
can sometimes successfully fight against two minor pieces, is White's only
chance. However, the weakened position of his king restricts his chances for
counterplay.} Qxc4 24. Rxc4 Nd3 $1 25. Re7 Bb5 $1 26. Rc2 Nf4 {[%csl Gf4]} 27.
Bf1 $1 (27. Rxa7 Re8 28. h4 Re1+ 29. Kh2 Be5 30. Re7 Ne6+ $1 (30... Nxd5+ $4
31. Rxe5 Rxe5 32. Rc5) 31. Kh3 Bd3 32. Rc8+ Kg7 $19) (27. a4 Bd3 28. Rcc7 Bxb2
29. Rxa7 Bd4 $17) 27... Bxf1 28. Kxf1 Rd8 29. Rd2 (29. Rxa7 Rxd5 30. Ra8+ Bf8
31. f3 Kg7 $17 {[%csl Rf1]}) 29... a5 $1 ({Of course, not} 29... Rxd5 $4 30.
Rxd5 Nxd5 31. Re8+ Bf8 32. Ra8 $16 {[%csl Ga2,Gb2] Black should avoid the
exchange of rooks unless he is sure to stop White's queenside passed pawns.})
30. d6 (30. Ra7 Rc8 $1 {[%csl Rf1]} 31. f3 (31. Rd1 Bd4 $1 32. Rxa5 Rc2 $1)
31... Bf6 32. Rxa5 Bh4 33. Rd1 Rc2 34. Ra4 Rf2+ 35. Kg1 Nh3+ 36. Kh1 Rxb2 $1
$19) 30... Bf8 31. a4 $2 {An apparent blunder.} (31. Ra7 Bxd6 32. Rxa5 (32. f3
Be7 $1 33. Rxd8+ Bxd8 {and the white pawns are not dangerous}) 32... Rc8 33.
Rd1 Rc2 $19) (31. Re4 $1 Rxd6 $1 32. Rxd6 Bxd6 33. Ra4 Bc7 34. b4 {keeping
good drawing chances due to the strong a-pawn.}) 31... Rxd6 $1 32. Rxd6 Bxe7
33. Rd4 g5 $19 {The rest is clear as White can't create a passed pawn at the
queenside.} 34. Ke1 Bf6 35. Rc4 Bxb2 36. Kd1 Ba3 37. Rc8+ Kg7 38. Kc2 Nd5 39.
Kb3 Bb4 40. Rd8 Nf6 41. Rb8 Be1 (41... Bc5 {is shown in the "official" game
score but it is an obvious mistake due to} 42. Rb5 ({Or purported} 42. f3 h5 {
and now} 43. Rb5)) {I am not sure about the following game score either.} 42.
f3 h5 43. Rb7 g4 44. fxg4 hxg4 45. Rc7 Bb4 46. Rb7 Nd5 47. Rb5 Ne3 48. Rxb4
axb4 49. Kxb4 Nd5+ 50. Kc5 Ne7 (50... Ne7 51. a5 f5 52. a6 Nc8 53. Kc6 f4 54.
Kb7 f3 55. Kxc8 f2 56. a7 f1=Q 57. a8=Q Qf8+ 58. Kb7 Qxa8+ 59. Kxa8 Kh6 60. Kb7
Kh5 61. Kc6 Kh4 62. Kd5 Kh3 63. Ke4 Kxh2 $19) 0-1

[Event "Olympiad-36"]
[Site "Mallorca"]
[Date "2004.10.20"]
[Round "6"]
[White "Dautov, Rustem"]
[Black "Bologan, Viktor"]
[Result "1/2-1/2"]
[WhiteElo "2623"]
[BlackElo "2669"]
[Annotator "Krasenkow,M"]
[PlyCount "116"]
[EventDate "2004.10.15"]
[EventType "team-swiss"]
[EventRounds "14"]
[EventCountry "ESP"]
[SourceTitle "CBM 104"]
[Source "ChessBase"]
[SourceDate "2005.01.27"]
[SourceVersion "1"]
[SourceVersionDate "2005.01.27"]
[SourceQuality "1"]
[WhiteTeam "Germany"]
[BlackTeam "Moldova"]
[WhiteTeamCountry "GER"]
[BlackTeamCountry "MDA"]

1. d4 Nf6 2. c4 g6 3. g3 Bg7 4. Bg2 d5 5. cxd5 Nxd5 6. e4 Nb6 7. Ne2 c5 8. d5
O-O 9. Nbc3 e6 10. O-O exd5 11. Nxd5 (11. exd5 {is the main line.}) 11... Bg4 {
Or else:} (11... Nc6 $6 12. Be3 Re8 (12... c4 13. b3 Nxd5 14. exd5 Ne5 15. Rc1
cxb3 16. Qxb3 b6 17. Nd4 Ba6 18. Rfd1 Qd6 19. Bf4 Qf6 20. Nc6 Nxc6 21. dxc6 Qb2
22. c7 Rac8 23. Rc2 Qxb3 24. axb3 Rfe8 25. Bc6 Re7 26. Bd7 {1-0 Matveeva,
S-Jaracz,B/Warsaw 1999/EXT 2000 (26)}) (12... Nd7 13. Qd2 Qa5 14. Ne7+ Kh8 15.
Qxa5 Nxa5 16. Rad1 Ne5 17. Bxc5 b6 18. Bd4 Ba6 19. Rd2 $18 {1-0 Bolbochan,
J-Flores Alvarez,R/Dubrovnik 1950/MCD (49)}) 13. Bxc5 Bg4 14. f3 Be6 15. Nec3
Nc4 16. Rb1 b6 17. Bf2 Rc8 18. b3 Na3 19. Rc1 Nb4 20. Nxb4 Bxc3 21. Nd5 $16 {
1/2-1/2 Yrjola,J-Kristjansson,S/Izmir 2004/CBM 102 ext (34)}) (11... Re8 12.
Be3 N8d7 13. Nec3 Nc4 14. Bf4 Nde5 15. Nb5 Rb8 16. Qb3 Bd7 17. Nbc7 Rf8 18.
Bxe5 Nxe5 19. Qa3 b6 $13 {0-1 Vukovic,S-Markovic,M/Ljubljana 1947/EXT 2004 (56)
}) (11... Na6 $5 12. a3 Re8 13. Nec3 Rb8 14. Nb5 {1/2-1/2 Harikrishna,
P-Bernasek,J/Oropesa del Mar 2000/EXT 2001 (14)}) (11... Nxd5 12. exd5 Bf5 13.
Nc3 Na6 14. g4 Bd7 15. d6 Bc6 16. Bxc6 bxc6 17. Bf4 Rb8 18. Qe2 Rb4 19. Bg3 Nb8
20. Rfe1 Nd7 $13 {1/2-1/2 Grabarczyk,M-Kempinski,R/Warsaw 2001/CBM 82 (49)})
12. h3 Bxe2 13. Qxe2 Nc6 14. Qb5 {The only way to fight for an advantage.} Nxd5
(14... Qd6 $6 15. Bf4 Ne5 16. Rad1 $16) (14... Bd4 15. Be3 $14 {R.Dautov} (15.
Bf4 $14)) 15. exd5 Nd4 16. Qxc5 {GM Rustem Dautov doesn't follow his own
recommendation from Inf. 86:} (16. Qxb7 Qd6 17. Kh2 $1 (17. Kh1 $5) 17... Rfb8
(17... Rab8 $2 18. Qxa7 Ra8 19. Bf4 $18) (17... Be5 $6 18. Bg5 Rfb8 19. Qe7
Rxb2 20. Rae1 $16) 18. Bf4 Be5 19. Bxe5 Qxe5 20. Qa6 Rxb2 21. Rae1 Qf5 $14 {
R.Dautov Wasn't he sure of the evaluation of this position?}) 16... Ne2+ (16...
Qd7 17. Bg5 $1 Qf5 18. Be7 Rfc8 19. Qa5 Rc2 20. Qa4 $1 b5 21. Qa6 Ne2+ 22. Kh1
$1 Bd4 (22... Bxb2 $5 23. Rad1 Nc3 24. Rde1 Rxf2 25. Qc6 $16 {R.Dautov}) 23.
Qb7 Re8 24. d6 Bxf2 25. Bh4 $1 $18 {1-0 Dautov,R-Navara,D/Bled 2002/CBM 92 (28)
}) 17. Kh1 (17. Kh2 {doesn't change much:} Nxc1 18. Raxc1 Be5 19. Rfd1 Bd6 20.
Qd4 Re8 21. Bf3 a6 22. Kg2 h5 23. h4 Rc8 24. a3 Rxc1 25. Rxc1 Qd7 26. Qb6 Kg7
27. Rc3 Re1 28. Rb3 Qa4 29. Re3 Rxe3 30. Qxe3 Qc2 31. b4 Qb2 32. Qd3 Kf8 33.
Be2 Kg7 34. Bf3 {1/2-1/2 Nielsen,P-Van Wely,L/Istanbul 2003/CBM 96 (34)}) 17...
Nxc1 18. Raxc1 Be5 {GM Viorel Bologan confidently proves that the blockade on
d6 disables White to make use of his extra pawn.} 19. Rfd1 Bd6 20. Qd4 Re8 21.
Bf3 Qe7 22. Kg2 Qe5 23. Qa4 Qf6 24. Qb5 Re7 25. Re1 Kg7 26. Rxe7 Qxe7 27. Rc2
Rb8 28. Qa4 a6 29. Qd4+ Qf6 30. Qb6 Qd8 31. Qe3 h5 32. h4 Rc8 33. Qd4+ Kg8 34.
Re2 Bc5 35. Qf4 Bd6 36. Qd4 Bc5 37. Qd3 Bd6 38. Qb3 Rc7 39. Qb6 Rd7 40. Qxd8+
Rxd8 41. Rc2 Kf8 42. g4 hxg4 43. Bxg4 Be5 44. Bc8 {At last White has broken
through but Black exchanges rooks liquidating into a drawish endgame.} Rxd5 45.
Bxb7 Rb5 46. Bxa6 Rxb2 47. Rxb2 (47. Rc8+ Kg7 {[%cal Re5d4]}) 47... Bxb2 48. a4
Bf6 49. Kg3 Bd8 50. Bc4 Kg7 51. f3 Bc7+ 52. Kf2 Bd8 53. Ke3 Bxh4 54. a5 Bd8 55.
a6 Bb6+ 56. Ke4 f5+ 57. Ke5 Bg1 58. Ke6 Bf2 1/2-1/2

[Event "EU-ch 6th"]
[Site "Warsaw"]
[Date "2005.06.25"]
[Round "7"]
[White "Wojtaszek, Radoslaw"]
[Black "Kovchan, Alexander"]
[Result "1-0"]
[WhiteElo "2569"]
[BlackElo "2488"]
[Annotator "Krasenkow,M"]
[PlyCount "59"]
[EventDate "2005.06.18"]
[EventType "swiss"]
[EventRounds "13"]
[EventCountry "POL"]
[SourceTitle "CBM 108"]
[Source "ChessBase"]
[SourceDate "2005.09.26"]
[SourceVersion "1"]
[SourceVersionDate "2005.09.26"]
[SourceQuality "1"]

1. d4 Nf6 2. c4 g6 3. g3 Bg7 4. Bg2 d5 5. cxd5 Nxd5 6. e4 Nb6 7. Ne2 c5 8. d5
e6 9. Nbc3 O-O 10. O-O Na6 11. Nf4 e5 {A very natural move gaining a tempo;
however, the black pieces are poorly prepared for the blockade on d6 and White
quickly starts an attack in the centre (f2-f4).} (11... exd5 {was examined in
several CBM issues, the most recently in CBM105, annotations to
Vaganian-Sutovsky.} 12. Nfxd5 $14) 12. Nd3 {The perfect place for the knight
to support f2-f4; if Black plays ...c5-c4 then his knight can't reach the d6
square.} (12. Nh3 Nc4 13. Qe2 Nd6 14. f4 exf4 $6 (14... Re8 $142) 15. Bxf4 Re8
16. e5 Nf5 17. Rae1 Nb4 18. Qd2 c4 19. Nf2 $36 Qb6 20. Na4 {1/2-1/2 Wexler,
B-Pilnik,H/Mar del Plata 1953/MCD}) (12. Nfe2 Nc4 $1 13. b3 Nd6 14. Be3 b6 15.
Qd2 Re8 16. f4 $6 (16. f3 $142 {[%cal Yf1f2,Yg2f1,Ya2a4,Ya4a5] Ftacnik}) 16...
Nc7 17. Rf2 $6 exf4 $1 18. Bxf4 Ba6 19. Re1 Qe7 20. g4 Be5 $15 {0-1 Euwe,
M-Pilnik,H/Amsterdam 1950/MCL/[Ftacnik] (77)}) 12... c4 (12... Nc4 {, allowing
f2-f4, is another option:} 13. Qe2 {[%cal Rd3c5]} Nd6 (13... b6 14. f4 Re8 15.
b3 (15. f5 $5) 15... exf4 16. bxc4 Bxc3 17. Bb2 Bxb2 18. Qxb2 fxg3 19. Rf6 Rf8
20. Raf1 Nc7 21. Ne5 $1 $18 {1-0 Maderna,C-Pilnik,H/Buenos Aires 1953/EXT 99 
(43)}) 14. f4 $1 f6 15. fxe5 {too early, in my opinion} fxe5 16. Rxf8+ Qxf8 17.
Be3 b6 18. Rf1 Qe8 (18... Qe7 $142 {A.Petrosian}) 19. Rd1 $1 $14 {[%cal Yb2b3,
Ya2a3,Yb3b4] 1-0 Petrosian,A-Lin Weiguo/Shenzhen 1992/CBM 031/[Ftacnik] (39)})
13. Ne1 Bd7 (13... f5 {, in order to exploit the temporarily passive position
of the white pieces, fails as the black pieces are equally passive:} 14. Be3 ({
or} 14. exf5 $5 gxf5 15. Be3 Qf6 16. Qe2 e4 $6 17. f3 exf3 18. Nxf3 Re8 19. Qd2
$16 {1-0 Johannessen,L-Elsness,F/Gausdal 1999/CBM 071 ext (29)}) 14... Bd7 15.
Qd2 Nc8 16. d6 $1 Bc6 17. Rd1 Qd7 18. exf5 gxf5 19. Bd5+ Kh8 20. Bxc6 bxc6 21.
Na4 $16 {1-0 Sebenik,M-Kerek,C/Eger 1999/EXT 2000 (24)}) 14. f4 $1 (14. Be3 {
is a bit too slow:} Rc8 ({or} 14... Nc8 15. f4 f6 16. Nf3 Nd6 17. Qd2 b5 18. a3
Qc7 $13 {..74 1-0 Pavey,M-Seidman,H/New York 1954/MCD (67)}) 15. Nf3 Nc5 16.
Qe2 Qe7 17. Nd2 f5 18. Nf3 {1/2-1/2 Nielsen,P-Sutovsky,E/Malmo 2003/CBM 095})
14... exf4 15. Bxf4 {The most solid move but} (15. gxf4 {is possible, too. In
the following game White obtained an advantage:} Nc5 16. Be3 Nba4 17. Qd2 Nxc3
18. bxc3 Qa5 19. Rc1 Rfe8 20. e5 Bf5 21. Kh1 Rad8 22. Qd4 Rc8 23. Rf2 b6 24. d6
Qb5 25. Rd1 Qd7 26. Bd5 $16 {1-0 Horvath,P-Topakian,R/Austria 2004/EXT 2005 
(40)}) 15... Nc5 16. Qd2 Nba4 {What else can Black do with this knight?} (16...
Re8 17. Bg5 $5 f6 (17... Qc7 18. d6) 18. Be3 {[%cal Oe3c5,Ye3d4]}) 17. Rc1 (17.
Nxa4 $5 Nxa4 18. e5 $36) 17... Nxc3 18. bxc3 Re8 {Stopping the e4 pawn?} 19. e5
$1 {[%mdl 512] No! The young Polish champion sacrifices this pawn to open up
the diagonal for the g2 bishop.} Bxe5 20. Bxe5 Rxe5 21. Nf3 Re8 22. Qd4 Nd3 23.
Rb1 b5 {[%cal Rd8b6]} 24. a4 a6 {If White recaptured the b5 pawn he would be
certainly better. However, after the text move ...Qb6 is not threatened
anymore and White can continue regrouping. Black had an interesting
possibility:} (24... f5 $5 {[%cal Ob5a4,Re8e4] Still, White maintained
initiative after} 25. d6 (25. Nd2 $143 Qb6 $1 26. Qxb6 axb6 27. axb5 Ra4) 25...
Bc6 (25... Re4 26. Qd5+ Be6 27. Qxb5 Qxd6 28. Ng5 $16) 26. Ne1 $1 Bxg2 27. Kxg2
$36 {After the exchange of the minor pieces Black remains with a compromised
king position and a nail in his guts (on d6).}) (24... Qb6 25. axb5 $14 {
[%cal Yd4b6,Yf3d4]}) 25. Nd2 {[%cal Cd8g5,Cg5d2,Rd2e4]} f5 $2 {A move earlier
- a good idea, a move later - a decisive weakening! Willy-nilly Black should
bring his nicely (but uselessly) placed knight to the defence:} (25... Ne5 $1
26. Ne4 Bf5 $1 27. axb5 axb5 28. Rxb5 Bxe4 29. Bxe4 Qd7 {with chances to
survive.}) 26. d6 {[%cal Og2a8,Rg2d5] Threatening 27.Bd5+ rather than 27.Bxa8.}
Rb8 $2 {A final blunder in a poor position.} 27. Nxc4 Be6 (27... bxc4 28. Qxc4+
{the simplest} Kf8 29. Qxd3 $18) 28. Ne3 Rb6 29. d7 Re7 30. Nd5 1-0

[Event "RUS-ch"]
[Site "Elista"]
[Date "1995.??.??"]
[Round "7"]
[White "Bareev, Evgeny"]
[Black "Krasenkow, Michal"]
[Result "1/2-1/2"]
[WhiteElo "2650"]
[BlackElo "2590"]
[Annotator "Krasenkow,M"]
[PlyCount "86"]
[EventDate "1995.10.??"]
[EventType "swiss"]
[EventRounds "11"]
[EventCountry "RUS"]
[SourceTitle "CBM 050"]
[Source "ChessBase"]
[SourceDate "1996.02.01"]
[SourceVersion "1"]
[SourceVersionDate "1996.02.01"]
[SourceQuality "1"]

1. d4 {Hecht} Nf6 2. c4 g6 3. g3 Bg7 4. Bg2 d5 5. cxd5 Nxd5 6. e4 Nb4 7. d5 c6
8. a3 Qa5 9. Nc3 cxd5 10. Be3 Nc2+ 11. Qxc2 d4 12. b4 $146 (12. Bxd4 {-Inf.48/
593}) 12... Qc7 13. Bxd4 $5 Bxd4 14. Nge2 Bxc3+ (14... Bg7 $6 15. Rc1 {/\16.
Nd5,16.Nb5}) 15. Qxc3 Qxc3+ 16. Nxc3 Nc6 17. f4 $1 e5 $1 18. O-O O-O 19. b5 Nd4
20. fxe5 Be6 $2 (20... Bg4 21. a4 (21. h3 Ne2+ 22. Nxe2 Bxe2 $10) 21... Rac8
22. Nd5 Kg7 23. h3 Be2 $132) 21. Nd5 $1 Kg7 (21... Nxb5 22. Rfb1 a6 23. a4 Nd4
24. Rxb7 $16) 22. Rfd1 $1 Nb3 (22... Nxb5 23. a4) (22... Nc2 23. Rac1 Nxa3 (
23... Rac8 24. a4 $16) 24. Nc7 Rad8 25. Nxe6+ fxe6 26. Rxd8 Rxd8 27. Rc7+ $16
Kh6 28. Rxb7 Rd1+ 29. Bf1 Nc4 30. Kf2 $16) 23. Rab1 Nc5 24. Nc7 Rac8 25. Nxe6+
Nxe6 (25... fxe6 $5 26. Rd6 $14) 26. Bh3 Rfe8 $2 (26... Rc2 27. Rd7 Nc5 28. Rc7
$16) (26... Rc7 $1 $14) 27. Bxe6 $2 (27. Rd7 $1 Ng5 (27... Nc5 28. e6 $1 Nxe6
$8 29. Rxb7) 28. Bg2 $18) 27... Rxe6 {TT - TT Motive: blockierte verbundene
weiße Freibauern, aktiver schwarzer K} 28. Rd7 b6 29. Rxa7 Rxe5 30. Rb7 Rxe4
31. Rf1 Rf8 32. Rxb6 Ra4 33. Rf3 $16 f5 $1 $8 34. Rc6 (34. Ra6 {Hecht} Rxa6 35.
bxa6 Ra8 36. a4 Rxa6 37. Ra3 Ra5 38. Kf2 Kf6 39. Ke3 Ke5 $10) (34. Rd3 $5)
34... Rfa8 35. Rcc3 (35. Rc7+ Kh6 36. Rcc3 (36. b6 Rxa3 37. b7 Ra1+ 38. Rf1
Rxf1+ 39. Kxf1 Ra1+ 40. Ke2 Rb1 41. Kd3 g5 $1 $10) 36... Rb8 37. Rc5 $16) 35...
Rb8 36. Rc7+ (36. Rc5 $16) (36. Rb3 Ra5 $10) 36... Kf6 37. Rc6+ (37. Rb3 $16)
37... Ke5 38. Rb3 Rb7 39. b6 (39. Kf2 $1 $16) 39... Ra6 $1 {/\40...Kd5} 40.
Rc5+ Kd6 41. Rcb5 Kc6 {/\42...Rxa3} 42. R5b4 Kc5 $1 {/\43...Rxa3} (42... Raxb6
$2 43. Rxb6+ Rxb6 44. Rxb6+ Kxb6 45. Kf2 Kb5 46. Ke3 Ka4 47. Kf4 Kxa3 48. Kg5
Kb4 49. Kh6 Kc4 50. h4 $18) 43. a4 (43. Rc3+ Kd6 $10) (43. Kf2 Rxa3 44. Rxa3
Kxb4 45. Ra7 Rxb6 46. Rxh7 Kc5 47. Kf3 Kd5 48. Kf4 Rb4+ 49. Kg5 Rg4+ 50. Kf6 f4
51. gxf4 Rxf4+ 52. Kxg6 Ke6 $10) 43... Raxb6 (43... Raxb6 44. Rxb6 Rxb6 45.
Rxb6 Kxb6 46. Kf2 Ka5 47. Ke3 Kxa4 (47... g5 48. Kd4 Kxa4 49. Ke5 f4 50. gxf4
gxf4 51. Kxf4 Kb4 52. Kg5 Kc5 53. Kh6 Kd6 54. Kxh7 Ke6 55. Kg6 Ke7 56. Kg7 Ke6
57. h4 Kf5 58. h5 Kg5 59. h6 $18) 48. Kf4 Kb4 49. Kg5 Kc4 50. Kh6 Kd5 (50...
Kd4 {Hecht} 51. h4 Ke4 52. Kxh7 Kf3 53. Kxg6 Kxg3 $10) 51. h4 Ke6 52. Kxh7 Kf7
$10) 1/2-1/2